LDR 00947naa#a2200169#i#450# 001 RU\\bibl\19438 005 20260516050059.6 100 ## _a20260515b2026####ek#y0rusy0150####ca 102 ## _aRU 200 1# _aОСОБЕННОСТИ РОСТА И ЭКОЛОГО-МЕЛИОРАТИВНАЯ РОЛЬ ПРИДОРОЖНЫХ ЗАЩИТНЫХ НАСАЖДЕНИЙ В УСЛОВИЯХ ЦЕНТРАЛЬНОГО ЧЕРНОЗЕМЬЯ _eСтатья/тезисы конференции 210 1# _aВоронеж _cВоронежский государственный лесотехнический университет имени Г.Ф. Морозова _d2026 215 ## _a7 с. 608 ## _aСтатья/тезисы конференции _2local 675 ## _aЛесное хозяйство. Лесоводство. 630 _z 700 #1 _aМихин _gВячеслав Иванович 700 #1 _aМихина _gЕлена Александровна 856 4# _abibl.vgltu.ru _u